000 01957nam0a2200349 4500
001 RU\NLR\bibl\733680
005 20250614000646.0
021 _aRU
_b2004-51378
_92525
035 _aRSL-KNO-002464352
035 _a(NLR Aleph) 000723618
090 _a718523
_c718523
100 _a20040826d2004 |||y0rusy50 ca
101 0 _arus
102 _aRU
105 _aa |||||||||
106 _ar
200 1 _aМетодическая система вариативного курса школьной геометрии
_eдля студентов-математиков старших курсов
_fВ. О. Ваганян
210 _aМосква
_cИзд-во Российского университета дружбы народов
_d2004
_gТип. ИПК РУДН
215 _a65 с.
_cил., табл.
_d20
320 _aБиблиогр.: с. 61-64
606 1 _aГеометрия
_xМетодика преподавания
_xСредняя школа
_91308404
_3RU\NLR\auth\66225739
606 1 _aГеометрия
_xПреподавание
_xСредняя школа
_92153231
_3RU\NLR\auth\661296497
610 0 _aКультура. Наука. Просвещение -- Народное образование. Педагогические науки -- Общеобразовательная школа. Школьная педагогика -- Российская Федерация -- Методика преподавания отдельных учебных предметов -- Геометрия -- Дидактика -- Содержание образования -- Учебник для высшей школы
686 _aЧ426.27,6(2)-21я73-1
_2rubbk
686 _aЧ426.27-2
700 1 _aВаганян
_bВ. О.
_gВиктор Оганесович
_4070
801 0 _aRU
_bRuMoRKP
_c20040826
_grcr
801 1 _aRU
_bRuMoRGB
_c20040826
801 2 _aRU
_bNLR
_c20050310
_gPSBO
942 _cBOOK
980 _aNB